00628nam a2200193Ia 4500003000900000008004100009020001800050040001600068080001300084245014300097260002700240300001400267490004000281650001900321650003000340650002000370650002600390700001800416IN-BaIIA211028s9999 xx 000 0 eng d a3-540-43504-2 cIIA Library a535bOHT 0aProgress in nano-electro-opticsbI, basics and theory of near-field opticscedited by M. Ohtsu  aBerlinbSpringerc2003 axiv,161p. aSpringer series in optical sciences aElectro optics aFluoroscence spectroscopy aNano technology aNear-field microscopy aOhtsu, M.,ed.